000
00268nam a22000977a 4500
999
_c
530769
_d
530769
020
_a
624.151
_c
SIM
100
_a
Simons, Noel.
245
_a
A short course in Geotechnical site Investigation /
942
_2
ddc
_c
BK